Dolny Pial Rim. kath. kostol : Rim. kath. lud. škola
Zobrazenie: Dva čiastkové pohľady oddelené bielym rámikom vodorovne. Pohľad na rímskokatolícky kostol a faru. V popredí sú listnaté stromy. Pohľad na rad budov vľavo pozdĺž ulice, na rímskokatolícku ľudovú školu. Vľavo v popredí stojí jeden muž. Pozdĺž ulice je pred domami rad vysokých listnatých st...
| Format: | Photo |
|---|---|
| Language: | Slovak Hungarian |
| PhysicalDescription: | 1 pohľadnica (2 čiastkové pohľady) kolorovaná 14 x 9 cm |
| Published: |
Nové Zámky
B. Sch.
[medzi 1905 a 1945?]
|
| Subjects: |
MARC
| LEADER | 00000nkm a2200000 a 4500 | ||
|---|---|---|---|
| 001 | vtls011915233 | ||
| 003 | SK-MaSNL | ||
| 005 | 20260301102502.0 | ||
| 007 | kf ho | ||
| 008 | 231120q1925 xo g kuslo | ||
| 015 | |a SNBG | ||
| 035 | |a urn:nbn:sk:snk-km00egb5 | ||
| 035 | |a urn:nbn:sk:snk-km43cpi | ||
| 035 | |a B14884FA-D107-428E-AB8D-F080A997F97D | ||
| 040 | |a SNK |b slo |c SNK |e AACR2 | ||
| 041 | 0 | |a slo |a hun | |
| 043 | |a e-xo--- | ||
| 044 | |a xo |c SK | ||
| 072 | 7 | |a 913 |x Regionálna geografia |2 konspekt | |
| 080 | |a 913(437.6) |2 2011 | ||
| 080 | |a 726:27-523.42 |2 2011 | ||
| 080 | |a (084.121) |2 2011 | ||
| 080 | |a 373/378 |2 2011 | ||
| 080 | |a 711.73 |2 2011 | ||
| 245 | 0 | 0 | |a Dolny Pial |h grafika |b Rim. kath. kostol : Rim. kath. lud. škola |
| 246 | 3 | 1 | |a Dolny Pial |b Rom. kath. templom és plébánia : Rom. kath. népiskola |
| 260 | |a Nové Zámky |b B. Sch. |c [medzi 1905 a 1945?] | ||
| 300 | |a 1 pohľadnica (2 čiastkové pohľady) |b kolorovaná |c 14 x 9 cm | ||
| 500 | |a Názvové údaje prevzaté z obrazovej časti pohľadnice | ||
| 520 | 8 | |a Zobrazenie: Dva čiastkové pohľady oddelené bielym rámikom vodorovne. Pohľad na rímskokatolícky kostol a faru. V popredí sú listnaté stromy. Pohľad na rad budov vľavo pozdĺž ulice, na rímskokatolícku ľudovú školu. Vľavo v popredí stojí jeden muž. Pozdĺž ulice je pred domami rad vysokých listnatých stromov | |
| 546 | |a Súbežný podnázov v maď. | ||
| 650 | 0 | 7 | |a kostoly |2 SNKPH |9 3023 |
| 650 | 0 | 7 | |a školy |2 SNKPH |9 1276 |
| 650 | 0 | 7 | |a ulice |2 SNKPH |9 2938 |
| 651 | 7 | |a Dolný Pial (Slovensko) |2 SNKPHgeo |9 27176 | |
| 651 | 7 | |a Levice (Slovensko : okres) |2 SNKPHgeo |9 15245 | |
| 655 | 7 | |a miestne pohľadnice |2 SNKPH |9 70510 | |
| 852 | |a Slovenská národná knižnica | ||
| 954 | |a pohľadnice pôvodné (slovenské) |2 lita | ||
| 958 | |a OND | ||
| 958 | |a GBN | ||
| 958 | |a GC | ||
| 958 | |a EUIPO | ||
| 999 | |c 692312 |d 694242 | ||
| 952 | |a SNK |b SNK |y PREZ |7 0 |p 17A1381586 |o snkSP 75425 |z Pohľadnica prešla poštou. |0 0 |1 0 |4 0 |d 2020-02-04 |f 1 |l 0 |r 2026-02-23 20:31:18 |w 2026-02-23 | ||


